000 00439nam a2200193Ia 4500
005 20250425160747.0
008 250425s9999 xx 000 0 und d
041 _aspa
082 _a861.69866
100 _aMARTILLO MONSERRATE, JORGE
245 0 _aVIDA POSTUMA
250 _a1A ED.
260 _aEcuador
_bMANGLAR
_c1997
260 _aGUAYAQUIL
300 _a68
650 _aPOESIA ECUATORIANA
942 _c01
010 _a4641
999 _c195614
_d195614